000 00653nam a2200217 i 4500
001 bg
100 1 _aKAWECKA, Barbara.
245 1 0 _aZarys ekologii glonów wód słodkich i środowisk lądowych /
_cBarbara Kawecka, Pertti Vesa Eloranta.
260 _aWarszawa :
_bWydawnictwo Naukowe PWN,
_c1994.
300 _a251, [1] s.,[4] s. tabl. :
_brys., wykr. ;
_c24 cm.
504 _aBibliogr. s. 199-236.
650 9 _aGlony
_xekologia
700 1 _aELORANTA, Pertti Vesa.
020 _a8301113200
040 _cBPK
041 0 _apl
080 _a582.2/.3:574
920 _a83-01-11320-0
942 _cKS
008 s pl f |000 0 pol
999 _c6574
_d6574
856 _uhttp://koha.tu.koszalin.pl/cgi-bin/koha/opac-detail.pl?biblionumber=6574
_yKatalog online BPK